000 00626nam a22002177a 4500
003 DO-SdBNP
005 20230601105754.0
007 ta
008 230601b1926 xxu||||| |||| 00| 0 spa d
040 _aDO-SdBNP
_bspa
_cBNPHU
_erda
082 4 _222
245 0 0 _aSelecciones poéticas /
_ccompiladas por Felipe Janer
264 _aEstados Unidos :
_bSilver, Burdett and Company,
_c1926.
300 _a510 páginas ;
_c19 cm.
336 _2rdacontent
_atexto
_btxt
337 _2rdamedia
_asin mediación
_bn
338 _2rdacarrier
_avolumen
_bnc
590 _aInventariado, 2023/BT
910 _aBtavárez
942 _2ddc
_cLBS1
999 _c53678
_d53678